000 00890ngm a22003130a 4500
001 PT47920
003 AR-LpoUNG
005 20210202000033.0
007 vd cvaizq
008 191001s2012||||ag |||||||||||||||||spa d
040 _aAR-LpoUNG
_bspa
_cAR-LpoUNG
_eaacr
041 _aspa
044 _aag
082 0 _a302.14 61v2
245 1 0 _aFortaleciendo lo colectivo :
_bjuego y crianza : arte y recreación : jornadas de formación de educadores populares
260 _aBuenos Aires :
_bSOFOVIAL,
_c2012.
300 _aDVD (5 min.) : son., col.
650 4 _aARTE
650 4 _aCREATIVIDAD
650 4 _aCULTURA POPULAR
650 4 _aCULTURA TRADICIONAL
650 4 _aEDUCACION
650 4 _aSOCIEDAD
653 _aVIDEOS
710 2 _aInterredes (Buenos Aires)
710 2 _aUniversidad Nacional de General Sarmiento (Buenos Aires)
905 _a47920
942 _cDVD
999 _c54001
_d54001